| 000 | 00413nam a2200181Ia 4500 | ||
|---|---|---|---|
| 001 | 18655 | ||
| 005 | 20260306171646.0 | ||
| 008 | 260306s9999||||xx |||||||||||||| ||und|| | ||
| 041 | _aESP | ||
| 082 |
_a658.4093 _bR27A |
||
| 100 |
_aRath, Tom _eAUT |
||
| 245 | 0 | _aStrengths finder 2.0 | |
| 260 | _c2007 | ||
| 300 |
_a174 páginas : _c18.5 cm. |
||
| 650 | _aGEN | ||
| 654 | _aCAN | ||
| 942 |
_cLIB _dJUS _fJUS _2ddc _n |
||
| 999 |
_c18655 _d18655 |
||